| 000 | 00780nam a2200217Ii 4500 | ||
|---|---|---|---|
| 003 | JO-AjNU | ||
| 008 | 230605s9999||||xx |||||||||||||| ||und|| | ||
| 020 | _a9959-29-033-6 | ||
| 040 |
_aJO-AjNU _bara _erda _cJO-AjNU |
||
| 041 | _aara | ||
| 050 | 1 | 4 | _aQL45.2.H85 |
| 100 | 3 |
_aالحسيني ، احمد حماد/ م مشارك اميل شنودة دميان, _eauthor _924709 |
|
| 245 | 0 | 0 | _aبيولوجية الحيوان العملية باللغتين العربية والانجليزيه الضفدعة، ج1 |
| 250 | _aط1 | ||
| 264 | 3 | 1 | _aالقاهرة:دار المعارف ، 1900 |
| 300 | _aج1، 300ص | ||
| 336 |
_atext _btxt _2rdacontent |
||
| 337 |
_aunmediated _bn _2rdamedia |
||
| 338 |
_avolume _bnc _2rdacarrier |
||
| 650 | 4 |
_aعلم الحيوان _924710 |
|
| 999 |
_aA9143 _c12711 _d12711 |
||